000 00638nam a2200265Ia 4500
005 20260121165055.0
008 008 260114s9999 xx 000 0 eng d
020 _a9781137560575
037 _aEBOOK
040 _aCRL
040 _beng
040 _cCRL
041 _2eng
041 _aeng
084 _qCRL
100 _aDominique Moran, Anna K. Schliehe
_91047201
245 0 _aCarceral Spatiality
260 _bSpringer
260 _bSpringer
260 _c2017
856 _uhttps://link.springer.com/openurl?genre=book&isbn=978-1-137-56057-5
942 _cEBOOK
999 _c1612926
_d1612926